Central Library OPAC University of Rajshahi

Delhi-Chungking : (Record no. 23005)

MARC details
000 -LEADER
fixed length control field 00823nam a22002531 4500
001 - CONTROL NUMBER
control field 23005
003 - CONTROL NUMBER IDENTIFIER
rucl marc code BD-RjUL
005 - DATE AND TIME OF LATEST TRANSACTION
control field 20211209000900.0
008 - FIXED-LENGTH DATA ELEMENTS--GENERAL INFORMATION
fixed length control field 140310s1947 ii ab 001 0 eng
035 ## - SYSTEM CONTROL NUMBER
System control number (BD-RjUL)23070
System control number (OCoLC)411760
040 ## - CATALOGING SOURCE
Original cataloging agency DLC
Transcribing agency ODaWU
Modifying agency OCoLC
-- OrPS
-- DLC
-- BD-RjUL
Language of cataloging eng
041 ## - LANGUAGE CODE
Language code of text/sound track or separate title eng
082 00 - DEWEY DECIMAL CLASSIFICATION NUMBER
Classification number 915.1
Author mark and year MED 1947
100 1# - MAIN ENTRY--PERSONAL NAME
Personal name Menon, K. P. S.,
Dates associated with a name 1898-
9 (RLIN) 70965
245 10 - TITLE STATEMENT
Title Delhi-Chungking :
Remainder of title a travel diary /
Statement of responsibility, etc. By K. P. S. Menon ; Foreword by Jawaharlal Nehru.
260 ## - PUBLICATION, DISTRIBUTION, ETC. (IMPRINT)
Place of publication, distribution, etc. Bombay ;
-- New York :
Name of publisher, distributor, etc. Indian Branch, Oxford University Press,
Date of publication, distribution, etc. 1947.
300 ## - PHYSICAL DESCRIPTION
Pagination viii, 257 p. :
Illustrations illus., 2 fold. maps (in pocket) ;
Size 23 cm.
504 ## - BIBLIOGRAPHY, ETC. NOTE
Bibliography, etc Includes index.
651 #0 - SUBJECT ADDED ENTRY--GEOGRAPHIC NAME
Geographic name China
General subdivision Description and travel.
9 (RLIN) 53592
942 ## - ADDED ENTRY ELEMENTS (KOHA)
Source of classification or shelving scheme Dewey Decimal Classification
Koha item type Books
Holdings
Lost status Source of classification or shelving scheme Damaged status Not for loan Collection code Permanent Location Current Location Shelving location Date acquired Source of acquisition Cost, normal purchase price Total Checkouts Full call number Date last seen Copy number Koha item type
  Dewey Decimal Classification   Added to bundle Non-fiction Central Library, University of Rajshahi Central Library, University of Rajshahi Reading Room 28/07/1970 Sweets & Zeitlinger 27.00   915.1 MED 1947 10/03/2014 C-1 Books